Greenlight - Tate McRae - Statistics

General Stats
  • This quiz has been taken 88 times
  • The average score is 283 of 346
Answer Stats
% Correct
you
98%
You
98%
I
95%
(I
95%
green
92%
(Green
92%
green)
92%
Green
92%
light
92%
light,
92%
light)
92%
Light
92%
me
92%
a
90%
can't
90%
go
90%
go)
90%
I'm
90%
of
90%
So
90%
so
90%
it
88%
still
88%
the
88%
The
88%
when
88%
be
87%
be,
87%
waitin'
87%
at
85%
chains
85%
kiss
85%
like,
85%
stuck
85%
Stuck
85%
to
85%
To
85%
Two
85%
what
85%
but
83%
feel
83%
tell
83%
your
83%
chest
82%
Hangin'
82%
he
82%
off
82%
on
82%
And
80%
and
80%
don't
80%
thought
80%
in
78%
tried
78%
know,
77%
same
77%
been
75%
ever
75%
it's
75%
strange
75%
tryna
75%
up
75%
wanted
75%
Aids
73%
bullet
73%
holes
73%
make
73%
over
73%
song
73%
was,
73%
Band
72%
everythin'
72%
Guess
72%
Maybe
72%
maybe
72%
(Maybe
72%
rewrite
72%
shit
72%
history?
70%
told
70%
honest
68%
if
68%
right
68%
let
67%
never
67%
beeline
65%
I'll
65%
with
65%
get
63%
just
63%
truthfully,
63%
our
62%
unhear
62%
wasn't
62%
oh
60%
Oh
60%
(Oh)
60%
here
58%
One
58%
lie
55%
we'd
55%
Midnight
53%
twenty
53%
healed
52%
think
52%
most
47%
PCH,
47%
I'd
45%
Babe,
43%
alive
42%
Who'd've
30%
No matching quizzes found
Score Distribution
Percent of People with Each Score
Percentile by Number Answered
Your Score History
You have not taken this quiz